Implementation of open source GSM BTS that interfaces GSM terminals with voip/pstn networks (Record no. 10220)
[ view plain ]
| 000 -LEADER | |
|---|---|
| fixed length control field | 00656 a2200169 4500 |
| 003 - CONTROL NUMBER IDENTIFIER | |
| control field | NUST |
| 038 ## - RECORD CONTENT LICENSOR | |
| Staff Name | Waseem |
| 082 ## - DEWEY DECIMAL CLASSIFICATION NUMBER | |
| Classification number | 621.3 |
| 100 ## - MAIN ENTRY--PERSONAL NAME | |
| Personal name | Asim Saleem |
| 9 (RLIN) | 92159 |
| 245 ## - TITLE STATEMENT | |
| Title | Implementation of open source GSM BTS that interfaces GSM terminals with voip/pstn networks |
| Statement of responsibility, etc. | Asim Saleem & Abdullah Khan Wazir |
| 260 ## - PUBLICATION, DISTRIBUTION, ETC. | |
| Place of publication, distribution, etc. | Islamabad : |
| Name of publisher, distributor, etc. | NUST School of Electrical Engineering & Computer Science, |
| Date of publication, distribution, etc. | 2010. |
| 300 ## - PHYSICAL DESCRIPTION | |
| Extent | xi, 77 p. : |
| Other physical details | ill. ; |
| Dimensions | 27 cm. + |
| Accompanying material | 1CD ROM |
| 500 ## - GENERAL NOTE | |
| General note | Supervisors : Dr. Junaid Qadir, Dr. Adeel Baig. |
| 700 ## - ADDED ENTRY--PERSONAL NAME | |
| Personal name | Abdullah Khan Wazir |
| 9 (RLIN) | 92160 |
| 856 ## - ELECTRONIC LOCATION AND ACCESS | |
| Uniform Resource Identifier | <a href="http://10.250.8.41:8080/xmlui/handle/123456789/28725">http://10.250.8.41:8080/xmlui/handle/123456789/28725</a> |
| 942 ## - ADDED ENTRY ELEMENTS (KOHA) | |
| Koha item type | Project Report |
| Call number prefix | BEE-3 ASI |
| Source of classification or shelving scheme | |
| Withdrawn status | Lost status | Damaged status | Not for loan | Permanent Location | Current Location | Date acquired | Full call number | Barcode | Date last seen | Price effective from | Koha item type | Source of classification or shelving scheme | Shelving location |
|---|---|---|---|---|---|---|---|---|---|---|---|---|---|
| WITHDRAWN | Central Library (CL) | Central Library (CL) | 07/04/2022 | BEE-3 ASI | SEECSP00888 | 11/14/2012 | 11/14/2012 | Project Report | |||||
| WITHDRAWN | Central Library (CL) | Central Library (CL) | 10/02/2020 | 621.3 | CL-BP-379 | 10/02/2020 | 10/02/2020 | Project Report | Thesis |
